000 00513nam a2200181 a 4500
001 7429
003 CO-ViMGA
008 141112s2004 ck r 000 u spa d
040 _aCO-ViMGA
_bspa
_cCO-ViMGA
082 0 4 _a616.901 O764
100 1 _aOspina Ospina, Sigifredo
_96681
245 1 0 _aNeumocistosis /
_cOspina Ospina Sigifredo , Bedoya Cuartas Claudia Isabel
260 _aMedellin :
_bEducativa,
_c1991
300 _a37 p
650 1 4 _aENFERMEDADES INFECCIOSAS
_96162
650 1 4 _aSIDA
942 _2ddc
_cBK
999 _c19377
_d19377